01216nam a2200277 a 4500001001000000005001700010008004100027020005100068020004200119040002400161041000800185044000800193050002200201245013500223260008300358300003500441500002800476500012600504500005600630504005200686650005100738650006100789650003800850700002200888700002800910BRCA_803920190320210115.0130730s2013 nyua#####b---#001-0#eng-c a9781588394965 (The Metropolitan Museum of Art) a9780300196986 (Yale University Press) aNNFr/DLCcNNFrdDLC aeng anyu 4aNK8806b.I58 201310aInterwoven globebthe worldwide textile trade, 1500-1800cedited by Amelia Peck ; with contributions by Amy Bogansky ... [et al.]. aNew York ; New HavenbMetropolitan Museum of Art : Yale University Pressc2013 ax, 350 p.bil. a colorc29 cm. aIncluye glosario textil aPublished in conjunction with an exhibition held at The Metropolitan Museum of Art, New York, Sept. 16, 2013-Jan. 5, 2014 aIncluye piezas de la colección Franz Mayer: p. 34 aIncluye referencias bibliográficas e índice14aTelasvExposicionesxHistoriaySiglo XVI-XVIII14aDiseño textilvExposicionesxHistoriaySiglo XVI-XVIII14aExotismo en el artevExposiciones1 aPeck, Ameliaeed.1 aBogansky, Amy Elizabeth